Регионална библиотека "Любен Каравелов" - Русе

Съветите на госпожа Добри маниери (Запис номер 9173)

MARC детайли
000 -Лидер
Контролно поле с фиксирана дължина 01731nam a2200349 c 4500
003 - Код на организацията, давaща контролен номер
Контролно поле BLK
005 - Дата и час на последна редакция
Контролно поле 20180420214411.0
008 - Елементи от данни с фиксирана дължина
fixed length control field 180412b bul|||||r ||||||| ||bul||
010 ## - Наследен системен номер
LC control number KNG00010582000
040 ## - Източник на каталожния запис
Идентификатор на билиотеката - собственик на записа BLK
041 ## - Код за език
Код за езика на текст/звукозапис или на отделно заглавие Български
Код за езика КДБФ Български
080 ## - УДК
Текстов определител УДК Възрастова психология. Влияние на възрастта
УДК код - определител по УДК 159.922.6
УДК определител
УДК - код + определител 159.922.6
080 ## - УДК
Текстов определител УДК Церемониал. Етикет. Общ. норми на поведение. Йерархия. Дарове. Подаръци
УДК код - определител по УДК 395
УДК определител
УДК - код + определител 395
080 ## - УДК
Текстов определител УДК Задължения на децата към родителите и задължения помежду им. Уважение. Подчинение. Услужливост
УДК код - определител по УДК 173.6
УДК определител
УДК - код + определител 173.6
100 1# - Редна дума - Автор
Автор Митчел, Мери
Авторска отговорност първи автор
R(LIN) 254169
139 ## - Редно поле
Редна дума Митчел, Мери
Авторски знак Мито - М 72
245 10 - Сведения за заглавието
Заглавие Съветите на госпожа Добри маниери
Подзаглавни данни Или как младите хора да се справят уверено и елегантно с всяка ситуация
Редно поле (дума) Мери Митчел; прев. от англ. Мария Ракъджиева.
257 ## - Страна на издаване
Страна на създаване/издаване Съединени американски щати
260 ## - Област на издателските данни
-- София
Име на издателя, разпространителя и проч. Жар
Година на издаване 1995
300 ## - Физическа характеристика
Страници 192 с.
Размери/Мащаб 20 см
380 ## - Жанр
Жанр Философия
500 ## - Общи забележки
Забележка Ориг. загл. Dear Ms Demeanor / Mary Mitchell. - 3 100 тир.
650 #4 - Допълнително описание по предмет – тема
Основно описание – тема или топоним Поведение - в обществото
9 (RLIN) 253856
650 #4 - Допълнително описание по предмет – тема
Основно описание – тема или топоним Взаимоотношения
9 (RLIN) 150646
653 ## - Ключова дума – ненормативна
Ключова дума поведенческа психология
700 1# - Други автори (авторска отговорност)
Лично име Ракъджиева, Мария
Автороска отговорност (Описва отношението между автора и произведението) прев. от англ.
9 (RLIN) 115007
852 ## - Местоположение
Форматна сигнатура Цб 184935
856 4# - Електронен адрес и достъп
Електронен формат pdf - файл
Път до файла /url/
856 4# - Електронен адрес и достъп
Електронен формат pdf - файл
Път до файла /url/
942 ## - АРТИКУЛИ
Вид на библиотечния материал Книги
Скрит в OPAC Не
944 ## - СЪЗДАВАНЕ И РЕДАКЦИЯ на ЗАПИСА
Създаване/Редакция Създаване
Дата на регистрацията/редакция 15.01.2003
Служител, извършил регистрацията/редакцията Диана_Димитрова
944 ## - СЪЗДАВАНЕ И РЕДАКЦИЯ на ЗАПИСА
Създаване/Редакция Редакция
Дата на регистрацията/редакция 10.06.2013
Служител, извършил регистрацията/редакцията
999 ## - СИСТЕМНИ КОНТРОЛНИ НОМЕРА
Koha biblionumber 9173
Koha biblioitemnumber 9173
Наличности
Код за отписване Код за изгубен артикул Източник на класификационната схема Код за повреда Коз за рестрикции Код за отдаване Артикулен № Име на библиотеката - собственик Име на библиотеката, в която се намира в момента Статус (Текущо местоположение) Дата на вписване в системата Местоположение - отдел Цена в лева Инвентарен номер Систематично азбучна сигнатура Баркод Номер на екземпляра Цена в евро Служебна бележка Служебен тип на артикула
  Не е изгубен Universal Decimal Classification Не е повреден без рестрикции ползва се в читалня 15968 Регионална библиотека "Любен Каравелов" Русе Регионална библиотека "Любен Каравелов" Русе Хранилище 2001-01-01 Хранилище 0.66 619492 Цб 184935 120000619492 1 0.34 Дост: Dp Вид: Д N: стар фонд Дата: 01.01.1995 Книги
Изтеглен Не е изгубен Universal Decimal Classification Не е повреден без рестрикции заемане за дома 15969 Регионална библиотека "Любен Каравелов" Русе Регионална библиотека "Любен Каравелов" Русе Заемна - подръчен фонд 2001-01-01 Заемна - подръчен фонд 0.00 618708 П 159.92/М 72 618708 2 0.00 Дост: Pk Вид: Ф N: стар фонд Дата: 01.01.1995 Книги
Изтеглен Не е изгубен Universal Decimal Classification Не е повреден без рестрикции заемане за дома 15970 Регионална библиотека "Любен Каравелов" Русе Регионална библиотека "Любен Каравелов" Русе Заемна - подръчен фонд 1995-01-01 Заемна - подръчен фонд 0.00 618709 П 159.92/М 72 618709 3 0.00 Дост: Pk Вид: Ф N: стар фонд Дата: 01.01.1995 Книги
Vip Innovations Ltd, Rousse, Bulgaria 2025